000 00711nam a22002177a 4500
005 20170124110043.0
010 _a114011
020 _c2.50
035 _a114011
037 _bCen Lib/Ret
040 _aDPL
_bEN
082 _a800
_bLIT
245 _aLiteratures in modern Indian languages :
_cedited by V. K. Gokak
_ba series of broadcasts from All India Radio /
260 _aDelhi
_bMinistry of Information and Broadcasting, Publications Division
_c1957
300 _aii,330p.
_c20cm(Hb)
500 _aIncludes index
650 _aIndic literature
_924110
650 _aIndic literature -- History and criticism
_923467
700 _aGokak, V. K
_924111
942 _2ddc
_cEN
_h800
_mLIT
999 _c128681
_d128681